000 01385nam0a22002651 4500
001 rc\408191
005 20260519154635.0
035 _a(NLR Aleph) 005656366
090 _a6826032
_c6826032
100 _a20030616d1987 u y0rusy50 ca
101 0 _arus
102 _aRU
105 _ay |||||||||
200 1 _aМикроциркуляция тканей челюстно-лицевой области и прогнозирование осложнений при комбинированном лечении злокачественных опухолей
_eУчеб. пособие
_fА.Н. Алексеева, Ю.И. Воробьев, А.И. Воложин
_gМ-во высш. и сред. спец. образования СССР
210 _aМ.
_cИзд-во Ун-та дружбы народов
_d1987
215 _a74, [2] с.
_d22
700 1 _7ca
_8rus
_aАлексеева
_bА. Н.
_cканд. мед. наук, челюстно-лицевая хирургия
_gАлександра Николаевна
_92709709
_3RU\NLR\AUTH\770293838
701 1 _7ca
_8rus
_aВоробьев
_bЮ. И.
_cд-р мед. наук
_gЮрий Иванович
_943703
_3RU\NLR\AUTH\7760773
701 1 _aВоложин
_bА. И.
_gАлександр Ильич
801 0 _aRU
_bNLR
_gpsbo
801 1 _aRU
_bELAR
_2rusmarc
852 _aNLR
_j88-6/1299
942 _cBOOK
980 _aNB